000 00535nam a2200157 a 4500
001 000039584
005 20201002033631.0
008 130708s2011 dr c 000 0 spa d
020 _a9789945004908
040 _aDO-SdBNP
_bspa
_cBNPHU
245 0 0 _aNosotros también contamos :
_bantología 2004-2008 /
_cCompilación y selección Ramón Aníbal Mesa.
260 _aSanto Domingo :
_bGrupo Editorial Montaño,
_c2011.
300 _a141 p. :
_bretrs. ;
_c23 cm.
500 _aIncluye anexos
700 1 _aMesa, Ramón Aníbal,
_ecomp.
_965748
999 _c39074
_d39074